История, която всички трябва да знаят (Запис номер 189682)
[ съкратено ]
| 000 -Лидер | |
|---|---|
| Контролно поле с фиксирана дължина | 02231nam a2200481 c 4500 |
| 003 - Код на организацията, давaща контролен номер | |
| Контролно поле | BLK |
| 005 - Дата и час на последна редакция | |
| Контролно поле | 20230627110147.0 |
| 008 - Елементи от данни с фиксирана дължина | |
| fixed length control field | 180411b bul|||||r ||||||| ||bul|| |
| 010 ## - Наследен системен номер | |
| LC control number | KNG00198728000 |
| 020 ## - Международен стандартен номер на книга ISBN | |
| Международен стандартен номер на книга ISBN | 978-619-179-041-8 |
| -- | издат.: Летера |
| 040 ## - Източник на каталожния запис | |
| Идентификатор на билиотеката - собственик на записа | BLK |
| 041 ## - Код за език | |
| Код за езика на текст/звукозапис или на отделно заглавие | Български |
| Код за езика КДБФ | Български |
| 072 #7 - Код за тематичната категория | |
| Код организация | bullib |
| Код за тематична категория | Н50 |
| Текст | Естествени науки. Математика и др. Н |
| 080 ## - УДК | |
| Текстов определител УДК | Вирусология |
| УДК код - определител по УДК | 578 |
| УДК определител | (44)(092)(0:82-9) |
| УДК - код + определител | 578(44)(092)(0:82-9) |
| 080 ## - УДК | |
| Текстов определител УДК | Инфекциозни болести (Заразни и преносни заболявания). Вж и 614.4 |
| УДК код - определител по УДК | 616.9 |
| УДК определител | (44)(092)(0:82-9) |
| УДК - код + определител | 616.9(44)(092)(0:82-9) |
| 080 ## - УДК | |
| Текстов определител УДК | Френска литература |
| УДК код - определител по УДК | 821.133.1 |
| УДК определител | -94 |
| УДК - код + определител | 821.133.1-94 |
| 080 ## - УДК | |
| Текстов определител УДК | Френски вирусолог |
| УДК код - определител по УДК | 929 Шерман, Жан-Клод |
| УДК определител | |
| УДК - код + определител | 929 Шерман, Жан-Клод |
| 100 1# - Редна дума - Автор | |
| Автор | Шерман, Жан-Клод |
| Авторска отговорност | първи автор |
| R(LIN) | 344922 |
| 139 ## - Редно поле | |
| Редна дума | Шерман, Жан-Клод и др. |
| Авторски знак | Шер - Ш 57 |
| 245 10 - Сведения за заглавието | |
| Заглавие | История, която всички трябва да знаят |
| Редно поле (дума) | Жан-Клод Шерман; съавт. Оливие Галзи; прев. от фр. Анета Илиева Тошева. |
| 257 ## - Страна на издаване | |
| Страна на създаване/издаване | Франция |
| 260 ## - Област на издателските данни | |
| -- | София |
| Име на издателя, разпространителя и проч. | Летера |
| Година на издаване | 2015 |
| Печатница | София : Digital Print Express |
| 300 ## - Физическа характеристика | |
| Страници | 176 с. |
| Размери/Мащаб | 22 см |
| 380 ## - Жанр | |
| Жанр | Худож. лит. |
| 500 ## - Общи забележки | |
| Забележка | Ориг. загл. Tout le monde doit connaitre cette histoire / Jean-Claude Chermann et Olivier Galzi. |
| 600 14 - Име на лице, използвано като предмет | |
| За него / За нея | Шерман, Жан-Клод |
| 9 (RLIN) | 384739 |
| 650 #4 - Допълнително описание по предмет – тема | |
| Основно описание – тема или топоним | Шерман, Жан-Клод |
| 9 (RLIN) | 384739 |
| 650 #4 - Допълнително описание по предмет – тема | |
| Основно описание – тема или топоним | Вирусолози |
| 9 (RLIN) | 150765 |
| 650 #4 - Допълнително описание по предмет – тема | |
| Основно описание – тема или топоним | Учени - биографии |
| 9 (RLIN) | 278259 |
| 651 #4 - Допълнително описание по предмет - топоним | |
| Географско понятие | Франция |
| 9 (RLIN) | 179722 |
| 653 ## - Ключова дума – ненормативна | |
| Ключова дума | Жан-Клод Шерман |
| 653 ## - Ключова дума – ненормативна | |
| Ключова дума | вирусология |
| 653 ## - Ключова дума – ненормативна | |
| Ключова дума | учени |
| 659 ## - Тематичен бюлетин | |
| Тематичен бюлетин | Н |
| 700 1# - Други автори (авторска отговорност) | |
| Лично име | Галзи, Оливие |
| Автороска отговорност (Описва отношението между автора и произведението) | съавт. |
| 9 (RLIN) | 50765 |
| 700 ## - Други автори (авторска отговорност) | |
| Лично име | Тошева, Анета Илиева |
| 9 (RLIN) | 366009 |
| 852 ## - Местоположение | |
| Форматна сигнатура | Цб 283798 |
| 856 4# - Електронен адрес и достъп | |
| Електронен формат | pdf - файл |
| Път до файла /url/ | |
| 856 4# - Електронен адрес и достъп | |
| Електронен формат | pdf - файл |
| Път до файла /url/ | |
| 942 ## - АРТИКУЛИ | |
| Вид на библиотечния материал | Книги |
| Скрит в OPAC | Не |
| Koha issues (borrowed), all copies | 1 |
| 944 ## - СЪЗДАВАНЕ И РЕДАКЦИЯ на ЗАПИСА | |
| Създаване/Редакция | Създаване |
| Дата на регистрацията/редакция | 22.12.2016 |
| Статус, дата на статуса | ф / |
| Служител, извършил регистрацията/редакцията | Виолета_Тройчева |
| 944 ## - СЪЗДАВАНЕ И РЕДАКЦИЯ на ЗАПИСА | |
| Създаване/Редакция | Редакция |
| Дата на регистрацията/редакция | 27.01.2017 |
| Статус, дата на статуса | ф / |
| Служител, извършил регистрацията/редакцията | Людмила_Стоянова |
| 999 ## - СИСТЕМНИ КОНТРОЛНИ НОМЕРА | |
| Koha biblionumber | 189682 |
| Koha biblioitemnumber | 189682 |
| Код за отписване | Код за изгубен артикул | Източник на класификационната схема | Код за повреда | Коз за рестрикции | Код за отдаване | Артикулен № | Име на библиотеката - собственик | Име на библиотеката, в която се намира в момента | Статус (Текущо местоположение) | Дата на вписване в системата | Местоположение - отдел | Цена в лева | Инвентарен номер | Систематично азбучна сигнатура | Баркод | Номер на екземпляра | Цена в евро | Служебна бележка | Служебен тип на артикула |
|---|---|---|---|---|---|---|---|---|---|---|---|---|---|---|---|---|---|---|---|
| Не е изгубен | Universal Decimal Classification | Не е повреден | без рестрикции | заемане за дома | 333836 | Регионална библиотека "Любен Каравелов" Русе | Регионална библиотека "Любен Каравелов" Русе | Заемна - подръчен фонд | 2016-12-21 | Заемна - подръчен фонд | 12.00 | 120000807158 | П 578(092)/Ш 57 | 120000807158 | 1 | 6.14 | Дост: Pk Вид: Ф N: 475 Дата: 19.12.2016 Дата инв: 02.02.2018 Бележки инв: П2018 | Книги |